000 00678nam a2200205 i 4500
001 42481
003 ES-MaACL
005 20250827062558.0
007 t|
008 030401s1872 sp ||||1| spa d
110 1 _aEspaña
_93622
240 1 0 _aTratados, etc., Portugal, 1872
245 1 0 _aConvenio celebrado entre España y Portugal para mejorar el servicio telegráfico entre ambos países, y firmado en Lisboa el 7 de febrero de 1872.
260 _a[Madrid :
_bs.n.,
_c1872]
300 _a3 p. ;
_c27 cm.
500 _aEjemp. sin portada, datos tomados de p. 1.
650 4 _aTelégrafo-
_zEspaña.
_9149358
852 _aES-MaACL
_jT-500-F-3
999 _c42481
_d42481